00463nam a22001697a 450000500170000000800410001702000180005802200150007604100120009108200120010310000120011524500570012725000200018426000340020430000300023865000250026820240923141017.0240923b |||||||| |||| 00| 0 eng d a9780409108200 a0409004480 aEnglish a349 JOU lEnglish aThe Law of South Africa / cWA Joubert and JA Faris  aSecond Edition  aDurban: bLexisNexis, c2013  bvii, 441 pages; c26 cm.  aLegal practice bLaw